000 00579nam a2200181 i 4500
001 95630
003 ES-MaACL
005 20230906181738.0
007 t|
008 050601s1934 sp |||| | spa d
100 1 _aLlorca García, Ángel.
_9142018
245 1 3 _aEl Grupo Escolar Cervantes
_b: Madrid, (1933 a 1934) /
_cÁngel Llorca.
260 _aMadrid :
_b[s.n.],
_c1934 (
_fTip. San Bernardo 82)
300 _a24 p. ;
_c27 cm.
610 2 4 _aGrupo Escolar Cervantes (
_cMadrid)
_9142024
650 4 _aEnseñanza-
_zEspaña-
_y1931-1939.
_912306
852 _aES-MaACL
_j1769-F-20
999 _c95630
_d95630